Nennen Sie die 15 hochsten Berge Österreichs in richtigen Reihenfolge - Statistiken

Allgemein
  • Dieses Quiz wurde 94 mal gespielt
  • Das Durchschnittsergebnis liegt bei 5 aus 15
Antwortstatistiken
Hint Antwort % Korrekt
3798 m Großglockner
100%
3657 m Großvenediger
91%
3768 m Wildspitze
72%
3738 m Weißkugel
57%
3599 m Similaun
39%
3721 m Glocknerwand
35%
3564 m Großes Wiesbachhorn
33%
3624 m Hintere Schwärze
33%
3624 m Hinterer Brochkogel
20%
3565 m Vorderer Brochkogel
20%
3559 m Rainerhorn
13%
3537 m Schalfkogel
9%
3533 m Watzespitze
9%
3539 m Hochvernagtspitze
7%
3550 m Großer Ramolkogel
6%
Keine übereinstimmenden Quizze gefunden
Verteilung der Resultate
Anzahl Personen mit jedem Resultat
Perzentil nach korrekt beantworteten Fragen
Ihre Resultats-Entwicklung
Sie haben dieses Quiz noch nicht gespielt